00793nam a22002297a 4500003000200000005001700002008004100019020002200060050002300082100002100105245005600126250001900182260005000201300002600251504005300277650002000330650002400350650003500374942001200409999001900421952012300440020240918155247.0240918b xxu||||| |||| 00| 0 eng d a978-1-284-17591-2 aRC 441b.Sk56 2023 aSkolnik, Richard aGlobal population healthba primercRichard Skolnik aFirst edition  aMassachusettsbJones & Barlett Learningc2023 ax, 137 pages c23cm.  aIncludes bibliographical references and index.  aGlobal health.  aPopulation health.  aPopulation health management.  2lcccBK c366249d366249 00102lcc40aCLbCLcRESd2024-09-18eLibrary Fundl0oRC 441 .Sk56 2023pC23621r2024-09-18 00:00:00w2024-09-18yBK